[Event "Lichtenberger Sommer 2023"]
[Site "Berlin"]
[Date "2023.08.15"]
[Round "4.44"]
[White "Kuban, Andreas"]
[Black "Steiger, Michael"]
[Result "1/2-1/2"]
[WhiteElo "1740"]
[BlackElo "1966"]
[PlyCount "80"]
[EventDate "2023.??.??"]
[WhiteTeam "SC Zugzwang 95 e.V."]
[BlackTeam "SC Kreuzberg e.V."]

1. Nf3 c5 2. g3 Nc6 3. Bg2 g6 4. c4 Bg7 5. Nc3 e5 6. a3 a5 7. d3 Nge7 8. Rb1
O-O 9. O-O d6 10. Ne1 Be6 11. Nc2 d5 12. cxd5 Nxd5 13. Ne3 Nde7 14. Ne4 b6 15.
Ng5 Bd7 16. Nc4 Qc7 17. b4 h6 18. Ne4 cxb4 19. Ned6 Rad8 20. Nb5 Qb8 21. Be3
Nc8 22. Qc1 Kh7 23. h4 bxa3 24. Qxa3 Nb4 25. Nc3 Be6 26. Rfc1 Rfe8 27. Nb5 Bd7
28. Nc3 Bf8 29. Qb2 Bg7 30. Qa3 Be6 31. Nb5 Bf8 32. Qb2 Bd5 33. Bxd5 Rxd5 34.
Nc3 Rdd8 35. Nb5 f5 36. Bd2 Na7 37. Nc3 Nac6 38. Nb5 Nd4 39. Nxd4 exd4 40. Bf4
Qb7 1/2-1/2

[Event "Lichtenberger Sommer 2023"]
[Site "Berlin"]
[Date "2023.08.15"]
[Round "4.45"]
[White "Schilly, Hans-Joachim"]
[Black "Bauder, Herbert"]
[Result "0-1"]
[WhiteElo "1687"]
[BlackElo "1926"]
[PlyCount "46"]
[EventDate "2023.??.??"]
[WhiteTeam "SF Siemensstadt"]
[BlackTeam "SG Lasker Steglitz"]

1. c4 Nf6 2. d4 g6 3. Nc3 Bg7 4. e4 d6 5. f3 O-O 6. Be3 c5 7. dxc5 dxc5 8. Bxc5
Nc6 9. Bd3 Nd7 10. Ba3 Qa5 11. Nge2 Nde5 12. O-O Rd8 13. Nc1 Nxd3 14. Nxd3 Bxc3
15. Qc2 Bd4+ 16. Kh1 Qc7 17. Rad1 e5 18. b4 Be6 19. Bc1 Qe7 20. Bd2 Rac8 21. b5
Nb8 22. Bb4 Qe8 23. Qa4 Bxc4 0-1

[Event "Lichtenberger Sommer 2023"]
[Site "Berlin"]
[Date "2023.08.15"]
[Round "4.46"]
[White "Heß, Jürgen"]
[Black "Mayer, Herbert"]
[Result "1-0"]
[WhiteElo "1922"]
[BlackElo "1738"]
[PlyCount "101"]
[EventDate "2023.??.??"]
[WhiteTeam "SG Arnstadt-Stadtilm"]
[BlackTeam "SSV Rotation Berlin e.V."]

1. e4 c6 2. d4 d5 3. Nc3 dxe4 4. Nxe4 Bf5 5. Ng3 Bg6 6. h4 h6 7. Nf3 Nd7 8. h5
Bh7 9. Bd3 Bxd3 10. Qxd3 e6 11. Bf4 Qa5+ 12. Bd2 Qc7 13. O-O-O O-O-O 14. Ne4
Ngf6 15. g3 Nxe4 16. Qxe4 Nf6 17. Qe2 Bd6 18. c4 c5 19. Bc3 cxd4 20. Nxd4 a6
21. Kb1 Kb8 22. Nf3 Be7 23. Ne5 Bd6 24. g4 Ka8 25. f3 Rhf8 26. Rd3 Bxe5 27.
Bxe5 Qe7 28. Rhd1 Rxd3 29. Qxd3 Rc8 30. Qd4 Qb4 31. b3 Qe7 32. Bxf6 gxf6 33.
Qd7 Qe8 34. Qxe8 Rxe8 35. Rd7 Rf8 36. c5 Kb8 37. Kb2 Kc8 38. Re7 f5 39. gxf5
exf5 40. Kc3 f4 41. Kd4 Rd8+ 42. Ke5 Rd2 43. Rxf7 Rh2 44. Kd6 Rd2+ 45. Ke5 Rc2
46. Rxf4 Rxc5+ 47. Kd6 Rc6+ 48. Ke7 b5 49. Rf6 Rc7+ 50. Kf8 Rc3 51. Kg7 1-0

[Event "Lichtenberger Sommer 2023"]
[Site "Berlin"]
[Date "2023.08.15"]
[Round "4.47"]
[White "Hauer, Andreas"]
[Black "Ettel, Ralf"]
[Result "1-0"]
[WhiteElo "1912"]
[BlackElo "1511"]
[PlyCount "102"]
[EventDate "2023.??.??"]
[WhiteTeam "SC Turm Illingen"]
[BlackTeam "SK König Tegel 1949 e.V."]

1. e4 d5 2. exd5 Nf6 3. Nf3 Nxd5 4. d4 Bf5 5. a3 e6 6. c4 Nf6 7. Bd3 Bg4 8. O-O
Bd6 9. h3 Bh5 10. Bg5 Nbd7 11. Nbd2 O-O 12. Qc2 Bg6 13. Bxg6 hxg6 14. c5 Be7
15. c6 bxc6 16. Qxc6 Nd5 17. Bxe7 Nxe7 18. Qc2 Nb6 19. Rac1 Nbd5 20. Ne4 Rb8
21. Rfd1 Rb6 22. Ne5 Nf6 23. Nc5 Nfd5 24. Ned7 Re8 25. Nxb6 cxb6 26. Nd3 Qd6
27. Ne5 Nf4 28. Qe4 g5 29. Rc2 f5 30. Qf3 Nfg6 31. Nxg6 Nxg6 32. Qc6 Qe7 33. d5
Ne5 34. Qxe6+ Qxe6 35. dxe6 Rxe6 36. Rc7 g4 37. hxg4 Nxg4 38. f3 Ne3 39. Rd2 a5
40. Re2 f4 41. Rc4 g5 42. Rc7 Rd6 43. Rc1 Kf7 44. g4 Rh6 45. Rh2 Rf6 46. Rh7+
Kg6 47. Rcc7 Rd6 48. Rcg7+ Kf6 49. Rh6+ Kxg7 50. Rxd6 Nc4 51. Rd5 Kg6 1-0

[Event "Lichtenberger Sommer 2023"]
[Site "Berlin"]
[Date "2023.08.15"]
[Round "4.48"]
[White "Knol, Daniel"]
[Black "Maart, Hagen"]
[Result "0-1"]
[WhiteElo "1910"]
[BlackElo "1334"]
[PlyCount "59"]
[EventDate "2023.??.??"]
[WhiteTeam "Schaakvereniging Almere"]
[BlackTeam "Kieler SG von 18"]

1. e4 e6 2. d4 d5 3. exd5 exd5 4. Nf3 Nf6 5. Bd3 c5 6. O-O cxd4 7. Nxd4 Nc6 8.
Re1+ Be7 9. Nf5 Bxf5 10. Bxf5 h6 11. c3 O-O 12. Nd2 Bd6 13. Nf3 Qc7 14. Be3
Rad8 15. g3 Rfe8 16. Nd4 a6 17. Bc2 Qa5 18. Nxc6 bxc6 19. Qf3 h5 20. Bg5 Be5
21. Bxf6 Bxf6 22. Qxh5 Re6 23. Bf5 Rdd6 24. Bxe6 Rxe6 25. Rxe6 fxe6 26. Qe8+
Kh7 27. Qxe6 Qb6 28. Qf5+ Kg8 29. Re1 Qxb2 30. Qg6 0-1

[Event "Lichtenberger Sommer 2023"]
[Site "Berlin"]
[Date "2023.08.15"]
[Round "4.49"]
[White "Lorenz, Veronika"]
[Black "Geldner, Gerrit"]
[Result "0-1"]
[WhiteElo "1668"]
[BlackElo "1900"]
[PlyCount "116"]
[EventDate "2023.??.??"]
[WhiteTeam "TSG Oberschöneweide e.V."]
[BlackTeam "SV Roter Turm Halle"]

1. e4 c5 2. Nf3 Nc6 3. Bb5 Nf6 4. Bxc6 dxc6 5. d3 g6 6. O-O Bg7 7. Be3 b6 8.
Nbd2 O-O 9. h3 Ne8 10. Qc1 Nc7 11. a4 a5 12. Nc4 Ne6 13. Rd1 Nd4 14. Nxd4 cxd4
15. Bh6 f6 16. Bxg7 Kxg7 17. e5 Be6 18. exf6+ exf6 19. Nd2 Re8 20. Re1 Qd7 21.
Ne4 Bd5 22. Qf4 Re6 23. Kf1 Rae8 24. b3 f5 25. Nd2 Rxe1+ 26. Rxe1 Bxg2+ 27.
Kxg2 Rxe1 28. Nf3 Re7 29. Nxd4 Qd5+ 30. Nf3 b5 31. Qd4+ Qxd4 32. Nxd4 bxa4 33.
bxa4 Kf6 34. Nxc6 Rc7 35. Nxa5 Rxc2 36. Nc4 Rc3 37. a5 Rxd3 38. Nb6 Ra3 39.
Nd7+ Kg7 40. Nc5 Rxa5 41. Ne6+ Kf6 42. Nf4 g5 43. Nh5+ Kg6 44. Ng3 h5 45. Nf1
f4 46. Nd2 g4 47. hxg4 hxg4 48. Nc4 Ra2 49. Kg1 Kg5 50. Ne5 f3 51. Nd3 Ra3 52.
Nc5 Ra1+ 53. Kh2 Rf1 54. Kg3 Rg1+ 55. Kh2 Rg2+ 56. Kh1 Kh5 57. Ne4 Kh4 58. Nf6
Rxf2 0-1

[Event "Lichtenberger Sommer 2023"]
[Site "Berlin"]
[Date "2023.08.15"]
[Round "4.50"]
[White "Sklorz, Tobias"]
[Black "Schmidt, Jürgen"]
[Result "1/2-1/2"]
[WhiteElo "1658"]
[BlackElo "1891"]
[PlyCount "73"]
[EventDate "2023.??.??"]
[WhiteTeam "Tempelhofer SV Mariendorf 1897"]
[BlackTeam "SC Kreuzberg e.V."]

1. e4 e5 2. Nc3 Nf6 3. f4 d5 4. fxe5 Nxe4 5. Qf3 Nxc3 6. bxc3 Qh4+ 7. g3 Qe4+
8. Qxe4 dxe4 9. d4 exd3 10. cxd3 Be7 11. Bg2 c6 12. Rb1 Nd7 13. d4 Nb6 14. Ne2
Bf5 15. Rb3 Bd3 16. Nf4 Bc4 17. Rb2 Ba3 18. Rc2 Bxc1 19. Rxc1 Bxa2 20. O-O Bc4
21. Rf2 O-O 22. Rb2 f6 23. exf6 Rxf6 24. Ra1 Rff8 25. h4 Rfe8 26. Bf1 Bxf1 27.
Kxf1 Nd5 28. Nxd5 cxd5 29. Rxb7 Re3 30. Raxa7 Rxa7 31. Rxa7 Rxc3 32. Rd7 Rxg3
33. Rxd5 Rg4 34. h5 Kf7 35. Kf2 Ke6 36. Re5+ Kd6 37. Ke3 1/2-1/2

[Event "Lichtenberger Sommer 2023"]
[Site "Berlin"]
[Date "2023.08.15"]
[Round "4.51"]
[White "Christen, Jan"]
[Black "Matitschka, Heinz"]
[Result "0-1"]
[WhiteElo "1604"]
[BlackElo "1883"]
[PlyCount "72"]
[EventDate "2023.??.??"]
[WhiteTeam "Barnimer SF im SV Sta"]
[BlackTeam "TSG Oberschöneweide e.V."]

1. d4 Nf6 2. c4 e6 3. Nf3 Bb4+ 4. Bd2 Qe7 5. g3 Nc6 6. Bg2 Bxd2+ 7. Nbxd2 d6 8.
O-O O-O 9. e4 e5 10. d5 Nb8 11. b4 a5 12. a3 axb4 13. axb4 Rxa1 14. Qxa1 Na6
15. Qc3 Nh5 16. Ne1 g6 17. Nd3 f5 18. c5 Nf6 19. cxd6 cxd6 20. Rc1 Bd7 21. Qb3
Bb5 22. exf5 gxf5 23. Nc4 Kh8 24. Ne3 Bd7 25. b5 Nc5 26. Nxc5 dxc5 27. Rd1 Ne4
28. Bxe4 fxe4 29. Qc4 Qf6 30. Rd2 b6 31. d6 Ra8 32. Qxe4 Ra1+ 33. Kg2 Qe6 34.
Qh4 Ra8 35. Qe7 Qh3+ 36. Kf3 Bg4+ 0-1

[Event "Lichtenberger Sommer 2023"]
[Site "Berlin"]
[Date "2023.08.15"]
[Round "4.52"]
[White "Pröschild, Matthias"]
[Black "Janoschka, Julien"]
[Result "1-0"]
[WhiteElo "1883"]
[BlackElo "1480"]
[PlyCount "47"]
[EventDate "2023.??.??"]
[WhiteTeam "BSV 63 Chemie Weißensee"]
[BlackTeam "SF Nordost Berlin"]

1. Nf3 Nf6 2. g3 g6 3. Bg2 Bg7 4. O-O O-O 5. d4 d6 6. c4 Nbd7 7. Nc3 e5 8. dxe5
dxe5 9. Qc2 c6 10. b3 Qc7 11. Ba3 Re8 12. Ng5 Nf8 13. Rad1 Bf5 14. e4 Bg4 15.
f3 Qb6+ 16. Kh1 Be6 17. Na4 Qe3 18. Bc1 Qd4 19. Rxd4 exd4 20. Nc5 b6 21. Ncxe6
fxe6 22. e5 N6d7 23. f4 Rac8 24. Ne4 1-0

[Event "Lichtenberger Sommer 2023"]
[Site "Berlin"]
[Date "2023.08.15"]
[Round "4.53"]
[White "Beduschi, Ben"]
[Black "Muskewitz, Bernd"]
[Result "0-1"]
[WhiteElo "1604"]
[BlackElo "1879"]
[PlyCount "48"]
[EventDate "2023.??.??"]
[WhiteTeam "Barnimer SF im SV Sta"]
[BlackTeam "SF Nordost Berlin"]

1. d4 d5 2. Bf4 Bf5 3. e3 e6 4. Nf3 Nd7 5. Be2 c5 6. c3 Ngf6 7. Nbd2 h6 8. h3
c4 9. Ne5 Nxe5 10. Bxe5 Bd6 11. Qa4+ Qd7 12. Qxd7+ Kxd7 13. Bxd6 Kxd6 14. g4
Bg6 15. O-O b5 16. b4 a5 17. a3 axb4 18. axb4 Nd7 19. Rfc1 Nb6 20. Bd1 Kc6 21.
Kg2 Rxa1 22. Rxa1 Ra8 23. Rc1 Ra3 24. f3 Ra2 0-1

[Event "Lichtenberger Sommer 2023"]
[Site "Berlin"]
[Date "2023.08.15"]
[Round "4.54"]
[White "Eis, Cedric"]
[Black "Nguyen, Tuan Kiet"]
[Result "1-0"]
[WhiteElo "1557"]
[BlackElo "1873"]
[PlyCount "59"]
[EventDate "2023.??.??"]
[WhiteTeam "SF Berlin 1903 e.V."]
[BlackTeam "SG Eckturm"]

1. e4 c6 2. d4 d5 3. f3 Qb6 4. Nc3 dxe4 5. fxe4 e5 6. Nf3 Nf6 7. Bc4 exd4 8.
Qxd4 Nbd7 9. Qxb6 Nxb6 10. Bd3 Bc5 11. h3 Be6 12. Bd2 Nc4 13. Bxc4 Bxc4 14.
O-O-O h6 15. e5 Nd5 16. Ne4 Be7 17. Nd6+ Bxd6 18. exd6 O-O 19. Ne5 Ba6 20. c4
f6 21. cxd5 fxe5 22. dxc6 bxc6 23. d7 e4 24. Ba5 Bd3 25. Rxd3 exd3 26. Rd1 Kf7
27. Rf1+ Ke7 28. Bb4+ Kxd7 29. Rxf8 Rxf8 30. Bxf8 1-0

[Event "Lichtenberger Sommer 2023"]
[Site "Berlin"]
[Date "2023.08.15"]
[Round "4.55"]
[White "Zesewitz, Marco"]
[Black "Schmidt, Fabian"]
[Result "1-0"]
[WhiteElo "1427"]
[BlackElo "1848"]
[PlyCount "33"]
[EventDate "2023.??.??"]
[WhiteTeam "SV SF Friedrichshagen"]
[BlackTeam "SV Königsjäger Süd-West e.V."]

1. e4 e5 2. Nf3 Nc6 3. d4 exd4 4. Nxd4 Nf6 5. Nxc6 bxc6 6. e5 Qe7 7. Qe2 Nd5 8.
c4 Nb6 9. b3 d6 10. Bb2 Ba6 11. g3 d5 12. Bg2 Qe6 13. cxd5 Bb4+ 14. Nc3 Nxd5
15. Qxa6 Nxc3 16. Qxc6+ Kd8 17. Qxe6 1-0

[Event "Lichtenberger Sommer 2023"]
[Site "Berlin"]
[Date "2023.08.15"]
[Round "4.56"]
[White "Berndt, Ronson"]
[Black "Nieber, Alexander"]
[Result "0-1"]
[WhiteElo "1544"]
[BlackElo "1843"]
[PlyCount "114"]
[EventDate "2023.??.??"]
[WhiteTeam "SC Borussia Lichtenberg"]
[BlackTeam "SG Aufbau Elbe Magdeburg"]

1. e4 c5 2. Nf3 e6 3. d4 cxd4 4. Nxd4 a6 5. c4 Qc7 6. Be3 Nf6 7. Nc3 d6 8. Be2
Be7 9. O-O b6 10. Qb3 Nbd7 11. f3 Nc5 12. Qc2 O-O 13. Rfd1 Bb7 14. b4 Ncd7 15.
b5 a5 16. Nb3 d5 17. exd5 exd5 18. Qd3 Ne5 19. Bf4 dxc4 20. Bxe5 Qxe5 21. Qxc4
Rac8 22. Qd4 Qxd4+ 23. Nxd4 Rxc3 24. Nf5 Bc5+ 25. Kh1 Re8 26. Bd3 g6 27. Ng3
Rd8 28. Be4 Rxd1+ 29. Rxd1 Nxe4 30. Nxe4 Bxe4 31. fxe4 Rc2 32. a4 Rc4 33. Ra1
Rxe4 34. g3 Re3 35. Rc1 Re4 36. Ra1 f5 37. Kg2 Kf7 38. Kf3 Ke6 39. h4 h6 40.
Ra2 g5 41. h5 Ke5 42. Ra1 Re3+ 43. Kg2 g4 44. Ra2 Re4 45. Ra1 Kf6 46. Ra2 Kg5
47. Ra1 Kxh5 48. Rh1+ Kg5 49. Ra1 h5 50. Kh1 h4 51. Kg2 hxg3 52. Kxg3 f4+ 53.
Kg2 Re2+ 54. Kh1 g3 55. Ra2 Re1+ 56. Kg2 Kg4 57. Ra1 f3# 0-1

[Event "Lichtenberger Sommer 2023"]
[Site "Berlin"]
[Date "2023.08.15"]
[Round "4.58"]
[White "Bunkens, Rudi"]
[Black "Donath, Johann"]
[Result "0-1"]
[WhiteElo "1694"]
[BlackElo "2043"]
[PlyCount "54"]
[EventDate "2023.??.??"]
[WhiteTeam "Koninklijke Gentse SK"]
[BlackTeam "BSV 63 Chemie Weißensee"]

1. d4 Nf6 2. Nf3 e6 3. c4 b6 4. a3 Bb7 5. Nc3 d5 6. cxd5 exd5 7. Bg5 h6 8. Bh4
Be7 9. e3 O-O 10. Be2 Nbd7 11. O-O Ne4 12. Bxe7 Qxe7 13. Rc1 f5 14. Qe1 f4 15.
exf4 Rxf4 16. g3 Rf7 17. Nd2 c5 18. Ncxe4 dxe4 19. Bc4 cxd4 20. Nxe4 Qxe4 21.
Qxe4 Bxe4 22. Rfe1 Nf6 23. Bxf7+ Kxf7 24. Rc7+ Kf8 25. f3 Bxf3 26. Ree7 d3 27.
Kf2 d2 0-1

[Event "Lichtenberger Sommer 2023"]
[Site "Berlin"]
[Date "2023.08.15"]
[Round "4.59"]
[White "Pöltelt, Helmut"]
[Black "Keusch, Horst"]
[Result "0-1"]
[WhiteElo "1673"]
[BlackElo "2000"]
[PlyCount "114"]
[EventDate "2023.??.??"]
[WhiteTeam "SC Eintracht Berlin e.V."]
[BlackTeam "SC Friesen Lichtenberg e.V."]

1. e4 g6 2. Nf3 Bg7 3. c3 c6 4. d4 d5 5. e5 Bg4 6. Bd3 Nh6 7. Nbd2 O-O 8. h3
Bf5 9. Bxf5 Nxf5 10. g4 Nh6 11. Ng5 Qc8 12. f4 f6 13. Ngf3 fxe5 14. fxe5 Na6
15. Nb3 Nc7 16. Bg5 Qe8 17. Qe2 Ne6 18. Be3 Qf7 19. Ng5 Nxg5 20. Bxg5 Qe8 21.
O-O-O Nf7 22. Be3 b6 23. g5 Nd8 24. h4 Ne6 25. Rdf1 a5 26. Nd2 c5 27. Rxf8+
Bxf8 28. Qg4 Qc6 29. Kb1 Ng7 30. Nf3 e6 31. Rc1 Be7 32. Qg1 Rf8 33. Nh2 Qb5 34.
Ng4 Qd3+ 35. Ka1 Rf3 36. a3 Nf5 37. Rd1 Qe4 38. Re1 Rg3 39. Nh6+ Kf8 40. Qf1
Rxe3 41. Rxe3 Qxe3 42. Nxf5 gxf5 43. Qa6 cxd4 44. Qxb6 Qxe5 45. cxd4 Qe1+ 46.
Ka2 Kf7 47. Qc7 Qxh4 48. Qxa5 Qxd4 49. Qe1 Bxg5 50. Qg3 h6 51. Qc7+ Be7 52. Qh2
Qe3 53. Qh5+ Kf8 54. Qg6 d4 55. Qh7 d3 56. Qh8+ Kf7 57. Qc3 f4 0-1

[Event "Lichtenberger Sommer 2023"]
[Site "Berlin"]
[Date "2023.08.15"]
[Round "4.60"]
[White "Stärk, Elisa"]
[Black "Glienke, Michael"]
[Result "1-0"]
[WhiteElo "1965"]
[BlackElo "1692"]
[PlyCount "73"]
[EventDate "2023.??.??"]
[WhiteTeam "SV Empor Berlin e.V."]
[BlackTeam "SC Kreuzberg e.V."]

1. d4 g6 2. Nf3 Bg7 3. g3 d6 4. Bg2 Nf6 5. O-O O-O 6. c4 c6 7. Nc3 Re8 8. e4
Bg4 9. Be3 Qc7 10. Qc2 e5 11. dxe5 dxe5 12. c5 Na6 13. a3 Rad8 14. b4 Nb8 15.
Rac1 Re7 16. Rfd1 Red7 17. Rxd7 Rxd7 18. h3 Be6 19. Bf1 Rd8 20. Ng5 Bc8 21. Bc4
Rf8 22. Rd1 h6 23. Nxf7 Rxf7 24. Qb3 Bxh3 25. Bxf7+ Kh7 26. Be6 Bg4 27. Bxg4
Nxg4 28. Qe6 Nxe3 29. fxe3 a5 30. Rd6 axb4 31. Qxg6+ Kg8 32. Qe8+ Kh7 33. axb4
b6 34. Rd8 Na6 35. Qg8+ Kg6 36. Rd6+ Kh5 37. Qe6 1-0

[Event "Lichtenberger Sommer 2023"]
[Site "Berlin"]
[Date "2023.08.15"]
[Round "4.61"]
[White "Guenther, Thomas"]
[Black "Hieronimus, Matthias"]
[Result "1-0"]
[WhiteElo "1945"]
[BlackElo "1673"]
[PlyCount "55"]
[EventDate "2023.??.??"]
[WhiteTeam "vereinslos"]
[BlackTeam "vereinslos"]

1. d4 d5 2. Nf3 Nf6 3. c4 c6 4. e3 a6 5. Nc3 Nbd7 6. Bd3 e6 7. O-O Bd6 8. e4
dxe4 9. Nxe4 Nxe4 10. Bxe4 Nf6 11. Bc2 O-O 12. Bg5 Be7 13. Qd3 g6 14. Rad1 Re8
15. Ne5 Nd7 16. Bxe7 Qxe7 17. Rfe1 Nxe5 18. dxe5 b5 19. b3 Ra7 20. Qd6 Rc7 21.
Be4 Bb7 22. c5 Rcc8 23. b4 Qxd6 24. cxd6 Red8 25. Re2 Rd7 26. Rc2 f5 27. Bf3
Kf8 28. Rdc1 1-0

[Event "Lichtenberger Sommer 2023"]
[Site "Berlin"]
[Date "2023.08.15"]
[Round "4.62"]
[White "Meister, Alexander"]
[Black "Kreuchauf, Olaf"]
[Result "0-1"]
[WhiteElo "1926"]
[BlackElo "1667"]
[PlyCount "56"]
[EventDate "2023.??.??"]
[WhiteTeam "SK Präsident"]
[BlackTeam "SC Eintracht Berlin e.V."]

1. d4 Nf6 2. Nf3 g6 3. g3 Bg7 4. Bg2 d5 5. O-O O-O 6. c4 c6 7. Nc3 Bg4 8. Ne5
Be6 9. c5 a5 10. Na4 Nfd7 11. f4 Nxe5 12. dxe5 Nd7 13. h3 f6 14. exf6 Bxf6 15.
Be3 Rb8 16. Bd4 b5 17. cxb6 Bxd4+ 18. Qxd4 Nxb6 19. Nc5 Bf5 20. b3 Nd7 21. g4
Rb4 22. Qf2 Nxc5 23. gxf5 Ne4 24. Bxe4 Rxe4 25. fxg6 hxg6 26. Qc5 Qd7 27. e3
Qxh3 28. Rae1 Qg3+ 0-1

[Event "Lichtenberger Sommer 2023"]
[Site "Berlin"]
[Date "2023.08.15"]
[Round "4.63"]
[White "Seth, Aakrit"]
[Black "Uhlenbrock, Sven"]
[Result "1-0"]
[WhiteElo "1894"]
[BlackElo "1659"]
[PlyCount "129"]
[EventDate "2023.??.??"]
[WhiteTeam "SC Weisse Dame e.V."]
[BlackTeam "vereinslos"]

1. d4 d6 2. Bf4 g6 3. e3 Bg7 4. Nf3 Nd7 5. h3 e5 6. Bh2 Qe7 7. Be2 Ngf6 8. O-O
O-O 9. c4 Ne4 10. Nc3 Nxc3 11. bxc3 b6 12. a4 a5 13. Rb1 Ba6 14. Nd2 f5 15. Bf3
e4 16. Be2 Bh6 17. Re1 Kh8 18. Kh1 Qh4 19. Bg3 Qe7 20. Qc2 Rae8 21. Bf1 Nf6 22.
Be2 Bc8 23. Rb5 Bd7 24. Rb2 g5 25. Bh2 Rg8 26. Qd1 Be6 27. Bh5 Ref8 28. Be2 Bf7
29. Rb5 Be8 30. Rb2 Qd7 31. Ra2 f4 32. exf4 gxf4 33. Bg4 Nxg4 34. hxg4 Rxg4 35.
Nxe4 f3 36. gxf3 Rh4 37. Rg1 Qh3 38. Rg2 Bh5 39. Ng3 Bxf3 40. Qg1 Bxg2+ 41.
Qxg2 Qxg2+ 42. Kxg2 Rg4 43. Re2 Rg7 44. Kf1 Bf4 45. Kg2 h5 46. Kh1 Bxg3 47.
fxg3 Rf1+ 48. Kg2 Ra1 49. Kh3 Rxa4 50. Kh4 Rxc4 51. Kxh5 Rxc3 52. Kh6 Rc1 53.
Re8+ Rg8 54. Re7 Rd8 55. g4 Rh1 56. Re2 Kg8 57. g5 Rxh2+ 58. Rxh2 Kf7 59. g6+
Ke6 60. Rh5 Rg8 61. Kh7 Rxg6 62. Kxg6 d5 63. Kg5 c5 64. Rh6+ Kd7 65. Rxb6 1-0

[Event "Lichtenberger Sommer 2023"]
[Site "Berlin"]
[Date "2023.08.15"]
[Round "4.64"]
[White "Rosmait, Emily"]
[Black "Müller, Johannes"]
[Result "1-0"]
[WhiteElo "1855"]
[BlackElo "1651"]
[PlyCount "89"]
[EventDate "2023.??.??"]
[WhiteTeam "TuRa Harksheide von 1945 Norders"]
[BlackTeam "SC Eintracht Berlin e.V."]

1. e4 e6 2. d4 d5 3. Nd2 dxe4 4. Nxe4 Nd7 5. Nf3 Ngf6 6. Bd3 c6 7. c3 Nxe4 8.
Bxe4 Nf6 9. Bg5 Be7 10. Bxf6 Bxf6 11. Qc2 g6 12. O-O-O Qa5 13. Kb1 Bd7 14. h4
O-O-O 15. g4 h6 16. Nd2 b5 17. f4 Qc7 18. Bd3 a5 19. Ne4 Be7 20. Qf2 Kb7 21. h5
gxh5 22. Rxh5 f5 23. gxf5 exf5 24. Ng3 Bd6 25. Rf1 Rdf8 26. Bxf5 Be8 27. Rh4 h5
28. Bd3 Be7 29. Rhh1 h4 30. Ne4 Bg6 31. Nc5+ Bxc5 32. Bxg6 Bd6 33. Rxh4 Rxh4
34. Qxh4 Rxf4 35. Rxf4 Bxf4 36. Be4 Bg3 37. Qh5 Qf4 38. Qxb5+ Kc7 39. Qxc6+ Kd8
40. Qd5+ Kc7 41. Qxa5+ Kb8 42. Qd8+ Ka7 43. Qa8+ Kb6 44. Qb7+ Ka5 45. b4+ 1-0

[Event "Lichtenberger Sommer 2023"]
[Site "Berlin"]
[Date "2023.08.15"]
[Round "4.65"]
[White "Gmeiner, Joram"]
[Black "von Huebschmann, Andreas"]
[Result "0-1"]
[WhiteElo "1847"]
[BlackElo "1617"]
[PlyCount "85"]
[EventDate "2023.??.??"]
[WhiteTeam "SF Siemensstadt"]
[BlackTeam "vereinslos"]

1. e4 e5 2. Nf3 Nf6 3. d4 exd4 4. e5 Nd5 5. Qxd4 Nb6 6. Nc3 Nc6 7. Qe4 h6 8. a3
Qe7 9. Bf4 d5 10. exd6 Qxe4+ 11. Nxe4 cxd6 12. Nxd6+ Bxd6 13. Bxd6 Bg4 14. Be2
O-O-O 15. O-O-O Rhe8 16. Rhe1 Bxf3 17. Bxf3 Rxe1 18. Bg4+ Re6 19. b3 g6 20.
Bxe6+ fxe6 21. c4 Na5 22. Kc2 Rd7 23. f3 Kd8 24. a4 Nc8 25. Bb4 Rxd1 26. Bxa5+
b6 27. Bxb6+ Nxb6 28. Kxd1 a5 29. Kd2 Nd7 30. Kc3 Nb6 31. c5 Nd7 32. Kc4 Kc7
33. Kb5 g5 34. h3 e5 35. g4 Nb8 36. Kxa5 Nc6+ 37. Ka6 Nd4 38. b4 Kc6 39. Ka7
Nxf3 40. b5+ Kxc5 41. b6 Nd4 42. a5 Nc6+ 43. Ka6 0-1

[Event "Lichtenberger Sommer 2023"]
[Site "Berlin"]
[Date "2023.08.15"]
[Round "4.66"]
[White "Fock, Madiha"]
[Black "Kohlmeyer, Dagobert"]
[Result "1-0"]
[WhiteElo "1667"]
[BlackElo "1840"]
[PlyCount "63"]
[EventDate "2023.??.??"]
[WhiteTeam "TSG Oberschöneweide e.V."]
[BlackTeam "SG Weißensee 49 e.V."]

1. e4 e6 2. d4 d5 3. Nd2 c5 4. exd5 exd5 5. Ngf3 Bd6 6. dxc5 Bxc5 7. Nb3 Bb6 8.
Bb5+ Nc6 9. O-O Nge7 10. Re1 O-O 11. Be3 Bc7 12. Qd2 a6 13. Bf1 Bg4 14. Nfd4
Qd6 15. g3 Ng6 16. Bg2 h5 17. Nxc6 Qxc6 18. Bxd5 Qf6 19. Bd4 Be5 20. c3 Rad8
21. Bxb7 Bxd4 22. Nxd4 Ne5 23. Qc2 Rd7 24. Bg2 Rfd8 25. h3 Bf3 26. Nxf3 Nxf3+
27. Bxf3 Qxf3 28. Qe4 Qf6 29. Re2 Qb6 30. Rae1 Qa5 31. Qc2 Qb6 32. Re8+ 1-0

[Event "Lichtenberger Sommer 2023"]
[Site "Berlin"]
[Date "2023.08.15"]
[Round "4.67"]
[White "Hoyer, Olaf"]
[Black "Hafermann, Lara"]
[Result "1/2-1/2"]
[WhiteElo "1826"]
[BlackElo "1590"]
[PlyCount "101"]
[EventDate "2023.??.??"]
[WhiteTeam "SC Braunschweig Gliesmarode v. 1"]
[BlackTeam "SC Borussia Lichtenberg"]

1. Nf3 d5 2. g3 c5 3. Bg2 Nc6 4. d4 Nf6 5. O-O e6 6. b3 Be7 7. Bb2 O-O 8. Nbd2
Qc7 9. Rc1 b6 10. c4 Bb7 11. a3 a5 12. Re1 Rfd8 13. cxd5 exd5 14. Qc2 Ne4 15.
Nxe4 dxe4 16. Nd2 Nxd4 17. Bxd4 Rxd4 18. e3 Rd3 19. Nxe4 Rad8 20. Rcd1 Qd7 21.
Qxd3 Qxd3 22. Rxd3 Rxd3 23. Rb1 Bd5 24. b4 cxb4 25. axb4 Bxb4 26. Rc1 a4 27.
Kf1 a3 28. Ke2 Bxe4 29. Rc8+ Bf8 30. Bxe4 a2 31. Rc1 Ba3 32. Ra1 Rb3 33. Rxa2
Rb2+ 34. Rxb2 Bxb2 35. Kd3 b5 36. Kc2 Be5 37. Kb3 Bd6 38. Bd3 b4 39. Kc4 g5 40.
Kd5 Be7 41. f4 b3 42. e4 b2 43. e5 g4 44. f5 Bb4 45. Kc6 h5 46. Kd7 Kf8 47. e6
f6 48. Bb1 Ba3 49. Kc6 Ke7 50. Kd5 Bd6 51. Ke4 1/2-1/2

[Event "Lichtenberger Sommer 2023"]
[Site "Berlin"]
[Date "2023.08.15"]
[Round "4.68"]
[White "Jeß, Arne"]
[Black "Rotermund, Verena"]
[Result "1-0"]
[WhiteElo "1824"]
[BlackElo "1553"]
[PlyCount "47"]
[EventDate "2023.??.??"]
[WhiteTeam "TSG Rot-Weiß Fredersdorf/Vogelsd"]
[BlackTeam "Vorw.Orient Mainz"]

1. e4 e6 2. d4 d5 3. Nc3 Nf6 4. e5 Nfd7 5. Qg4 c5 6. Nb5 cxd4 7. Nf3 Nc6 8. Bg5
Qa5+ 9. Bd2 Qb6 10. Nd6+ Bxd6 11. Qxg7 Rf8 12. exd6 Qxb2 13. Rc1 Nc5 14. Ng5
Bd7 15. Nxh7 O-O-O 16. Nxf8 Ne4 17. Bd3 Nxd2 18. Kxd2 Qc3+ 19. Ke2 Be8 20. d7+
Bxd7 21. Qxf7 Ne5 22. Qg7 Nc4 23. Rhe1 Bb5 24. Nxe6 1-0

[Event "Lichtenberger Sommer 2023"]
[Site "Berlin"]
[Date "2023.08.15"]
[Round "4.69"]
[White "Hoppe, Arthur"]
[Black "Kandeler, Christian"]
[Result "1/2-1/2"]
[WhiteElo "1591"]
[BlackElo "1804"]
[PlyCount "35"]
[EventDate "2023.??.??"]
[WhiteTeam "SC Kreuzberg e.V."]
[BlackTeam "TSG Oberschöneweide e.V."]

1. d4 Nf6 2. c4 g6 3. Nc3 d5 4. Bg5 Ne4 5. Bh4 Nxc3 6. bxc3 Bg7 7. cxd5 Qxd5 8.
e3 c5 9. Ne2 cxd4 10. cxd4 O-O 11. Nf4 Qa5+ 12. Qd2 Qxd2+ 13. Kxd2 Nc6 14. Bb5
e5 15. dxe5 Bxe5 16. Rac1 Bd7 17. Nd5 Kg7 18. f4 1/2-1/2

[Event "Lichtenberger Sommer 2023"]
[Site "Berlin"]
[Date "2023.08.15"]
[Round "4.70"]
[White "Kretzschmar, Jan"]
[Black "Schacht, Thomas"]
[Result "1-0"]
[WhiteElo "1803"]
[BlackElo "1518"]
[PlyCount "48"]
[EventDate "2023.??.??"]
[WhiteTeam "SC Kreuzberg e.V."]
[BlackTeam "BSV 63 Chemie Weißensee"]

1. d4 d5 2. Nf3 Nf6 3. c4 e6 4. g3 c6 5. Bg2 dxc4 6. O-O Be7 7. Ne5 Nbd7 8.
Nxc4 b5 9. Bxc6 Rb8 10. Ne5 O-O 11. Nxd7 Nxd7 12. Bf4 Rb6 13. Bg2 Nf6 14. Nc3
Nh5 15. Bc1 Ba6 16. Re1 Rd6 17. e3 e5 18. Qxh5 exd4 19. exd4 Rxd4 20. Be3 Rd7
21. Rad1 g6 22. Rxd7 Qxd7 23. Qd5 Qg4 24. Bh6 Rd8 1-0